|
|
|
|
| LEADER |
00728nam a22002172a 4500 |
| 001 |
001096167 |
| 003 |
CZ BrMZK |
| 005 |
20100827135225.0 |
| 007 |
ta |
| 008 |
100512s1983 gw er|||||||||||ger d |
| 040 |
|
|
|a BOA001
|b cze
|
| 100 |
1 |
|
|a König, Jörn
|4 dis
|
| 245 |
1 |
0 |
|a Vergleichende Untersuchungen des Gallen-säuregehalts in Pankreasenzympräparaten des deutschen Marktes /
|c Jörn König
|
| 260 |
|
|
|a Tübingen :
|b J. König,
|c 1983
|
| 300 |
|
|
|a 119 s.
|
| 502 |
|
|
|a Disertace--Universität Tübingen, 1983
|
| 710 |
2 |
|
|a Universität Tübingen
|7 ko2002152390
|
| 910 |
|
|
|a BOA001
|b 2-0878.178
|
| 990 |
|
|
|a BK
|
| 991 |
|
|
|b 201005
|
| 996 |
7 |
|
|b 2619374652
|c 2-0878.178
|l MZK
|r Sklad / do 1 hodiny
|n 0
|w 001139753
|u 000010
|a 1
|e BOA001
|j MZK50
|s A
|